000 00230nam a22000857a 4500
008 161201b xxu||||| |||| 00| 0 eng d
100 _91648
_aRam,S.K
245 _aLearning To Communicate : Couse Book
260 _aNew Delhi
_bOxford
_c2005
999 _c4361
_d4361